| 000 | 00682nam a22001577a 4500 | ||
|---|---|---|---|
| 003 | OSt | ||
| 005 | 20160223140246.0 | ||
| 008 | 160223b xxu||||| |||| 00| 0 eng d | ||
| 040 | _cRUA | ||
| 082 | _aMGR SUO 2006 B388 Or.1 | ||
| 100 |
_97411 _aSUOS CHAMNAN ; សួស ចំណាន |
||
| 245 | _aAgricultural machinery itilization by farmers in kampong leav district, prey veng province , ការប្រើប្រាស់ម៉ាស៊ីនកសិកម្មដោយកសិករ ក្នុងស្រុកកំពង់លាវ ខេត្តព្រៃវែង | ||
| 260 |
_aPhnom Penh _bRUA _c2006 |
||
| 300 |
_ax ;67p. _bill. _c29cm. |
||
| 942 |
_2ddc _cNRM |
||
| 999 |
_c6997 _d6997 |
||